000 00647cam a2200229 4500
001 M1310
008 090401t1993 xxu||||| |||| 00| 0 eng d
035 _a(Sirsi) u31069
041 _aeng
050 _a333.0062
090 _aRICS 1993/6A
100 _aJonas, Christopher
245 _aCentral London Branch supper 25 January 1993. Speech by Christopher Jonas, President of the Royal Institution of Chartered Surveyors.
260 _aLondon
_bRICS
_c1993
300 _a(5)p. ; 30cm.
350 _a0
650 _aCENTRAL LONDON BRANCH
650 _aABOUT RICS-RICS MEMBERS
650 _aSPEECHES
942 _n0
948 _c04/03/1997
999 _c89549
_d89549